| 000 | 01227cpcaa2200301 a 4500 | ||
|---|---|---|---|
| 001 | mm 79003296 | ||
| 003 | DLC | ||
| 005 | 20260227111643.0 | ||
| 008 | 791217|||||||||||| swe | ||
| 010 | _amm 79003296 | ||
| 040 |
_aDLC _cDLC _edacs _dDLC |
||
| 041 |
_aswe _aeng |
||
| 072 | 7 |
_aC _2lcmd |
|
| 110 | 1 |
_aSweden. _bArmén. |
|
| 245 | 0 | 0 |
_aSwedish army records, _f1637-1902. |
| 300 |
_a8 _fitems. |
||
| 506 | 0 | _aOpen to research. | |
| 520 | 8 | _aPhotocopies of pages from registers of Swedish troops stationed along the Delaware River, particularly in New Jersey, from 1637 to 1655; together with U.S. State Dept. Correspondence (1903) in English concerning the records. | |
| 533 |
_aPositive photocopies. _b[S.l.]. |
||
| 546 | _aCollection material in Swedish, with English. | ||
| 580 | _aForms part of: Miscellaneous Manuscripts collection. | ||
| 651 | 0 |
_aDelaware River Valley (N.Y.-Del. and N.J.) _xHistory. |
|
| 651 | 0 |
_aNew Jersey _xHistory _yColonial period, ca. 1600-1775. |
|
| 651 | 0 | _aNew Sweden. | |
| 651 | 0 |
_aSweden _xColonies. |
|
| 999 |
_c41289 _d41289 |
||